[Event "LII Festival A"]
[Site "Imperia ITA"]
[Date "2010.09.01"]
[Round "5"]
[White "Zach, Andreas"]
[Black "Rombaldoni, Denis"]
[WhiteElo "2314"]
[BlackElo "2493"]
[Result "1/2-1/2"]
[PlyCount "90"]
[EventDate "2010.08.29"]

1. d4 Nf6 2. Bf4 e6 3. e3 c5 4. c3 b6 5. h3 Bb7 6. Nf3 Ne4 7. Nbd2 Nxd2 8. Nxd2
Be7 9. Bd3 cxd4 10. exd4 O-O 11. O-O f5 12. Qe2 g5 13. Bh2 f4 14. Qh5 Rf7 15.
Nf3 Rg7 16. Rfe1 Na6 17. Ne5 Nc7 18. f3 Nd5 19. Ng4 Nf6 20. Nxf6+ Bxf6 21. Kf1
Qc8 22. Be4 Qc4+ 23. Kg1 Bc6 24. Bxc6 Qxc6 25. h4 Rf8 26. Re4 Bd8 27. Rae1 Rg6
28. hxg5 Rxg5 29. Qh3 Bc7 30. Qh6 Rgf5 31. g4 fxg3 32. Rg4+ Kf7 33. Bxg3 Qxf3
34. Rg7+ Ke8 35. Rxe6+ Kd8 36. Bxc7+ Kxc7 37. Qh2+ Kc8 38. Re1 Qd5 39. Qg2 Rf3
40. Rxh7 Rg8 41. Rg7 Rxg7 42. Qxg7 Qf5 43. Qg2 Qf4 44. Rf1 Qe3+ 45. Kh2 Qf4+
1/2-1/2

[Event "LII Festival A"]
[Site "Imperia ITA"]
[Date "2010.09.02"]
[Round "6"]
[White "Angelini, Marco"]
[Black "Zach, Andreas"]
[WhiteElo "2103"]
[BlackElo "2314"]
[Result "1/2-1/2"]
[PlyCount "82"]
[EventDate "2010.08.29"]

1. e4 e6 2. Qe2 Be7 3. d3 d5 4. Nd2 Nf6 5. e5 Nfd7 6. f4 c5 7. g3 Nc6 8. Ngf3
b5 9. c4 bxc4 10. dxc4 Nb4 11. Qd1 Nb6 12. a3 Nc6 13. Bd3 dxc4 14. Nxc4 Nxc4
15. Bxc4 Qxd1+ 16. Kxd1 Bb7 17. Rf1 O-O 18. Bd2 Rfd8 19. Ke2 h6 20. Rad1 Rac8
21. b3 g5 22. h3 Nd4+ 23. Nxd4 cxd4 24. Rf2 Be4 25. Bc1 Bc2 26. Rdf1 gxf4 27.
gxf4 Bf5 28. Rf3 Bg6 29. Kd2 a5 30. Bd3 Kh7 31. f5 exf5 32. Kd1 Rc3 33. Bxf5
Rxf3 34. Rxf3 Kg7 35. Bxg6 fxg6 36. Bb2 g5 37. Kd2 Rb8 38. e6 Bf6 39. Kc2 Re8
40. Kd3 Rxe6 41. Bxd4 Bxd4 1/2-1/2

[Event "LII Festival A"]
[Site "Imperia ITA"]
[Date "2010.09.02"]
[Round "6"]
[White "Blasco, Domenico"]
[Black "Di Lascio, Savino"]
[WhiteElo "1961"]
[BlackElo "1910"]
[Result "1-0"]
[PlyCount "107"]
[EventDate "2010.08.29"]

1. d4 Nf6 2. Nf3 b6 3. e3 Bb7 4. Bd3 e6 5. O-O c5 6. Nbd2 Qc7 7. b3 Na6 8. a3
Nd5 9. c4 Nf6 10. Bb2 d5 11. cxd5 Nxd5 12. Bb5+ Kd8 13. Ne4 Nb8 14. dxc5 bxc5
15. Rc1 Qb6 16. Bc4 Nd7 17. Ne5 Nxe5 18. Bxe5 Ke8 19. Qe2 a6 20. Rfd1 h5 21.
Nc3 f6 22. Na4 Qa5 23. Bb2 Qc7 24. Nc3 Nxc3 25. Rxc3 Kf7 26. Rcd3 Be7 27. R3d2
Qc6 28. f3 h4 29. h3 Rh6 30. Bd3 f5 31. e4 Bg5 32. Rc2 Qb6 33. Kh1 fxe4 34.
Bxe4 Bd5 35. Bxd5 exd5 36. Rxd5 Re6 37. Re5 Rae8 38. Qc4 Bf6 39. Rxe6 Rxe6 40.
Bxf6 Kxf6 41. Qxh4+ g5 42. Qh6+ Kf5 43. Qf8+ Kg6 44. Qxc5 Qxb3 45. Qc3 Qb8 46.
a4 Qe8 47. Qd3+ Kh6 48. Rc1 Qxa4 49. Qf5 Qe8 50. Rc7 Qg6 51. Qf8+ Kh5 52. Qh8+
Qh6 53. Rh7 Rd6 54. g4+ 1-0

[Event "LII Festival A"]
[Site "Imperia ITA"]
[Date "2010.09.02"]
[Round "6"]
[White "Cavatorta, Fosco"]
[Black "Mercandelli, Claudio"]
[WhiteElo "1965"]
[BlackElo "1903"]
[Result "1-0"]
[PlyCount "68"]
[EventDate "2010.08.29"]

1. d4 Nf6 2. Nf3 g6 3. Nc3 Bg7 4. e4 d6 5. Be3 h6 6. h3 c6 7. Qd2 Na6 8. Bxa6
bxa6 9. O-O Rb8 10. b3 Qa5 11. Rad1 Qh5 12. Nh2 O-O 13. f4 Qa5 14. f5 g5 15. h4
Nh7 16. hxg5 hxg5 17. Ng4 f6 18. Kf2 d5 19. Kg1 dxe4 20. Nxe4 Qxd2 21. Bxd2 e6
22. Ne3 exf5 23. Nxf5 Bxf5 24. Rxf5 Rbd8 25. Bb4 Rfe8 26. Ng3 Nf8 27. c4 Ne6
28. d5 Nf4 29. d6 Rd7 30. Bc3 Re3 31. Be1 Rd3 32. Rxd3 Nxd3 33. Bc3 Rxd6 34.
Ne4 Ne5 1-0

[Event "LII Festival A"]
[Site "Imperia ITA"]
[Date "2010.09.02"]
[Round "6"]
[White "Cornaggia, Ranieri"]
[Black "Mitura, Karel"]
[WhiteElo "1994"]
[BlackElo "2049"]
[Result "0-1"]
[PlyCount "100"]
[EventDate "2010.08.29"]

1. e4 c5 2. Nf3 Nc6 3. d4 cxd4 4. Nxd4 e5 5. Nb5 d6 6. N5c3 a6 7. Na3 b5 8. Nd5
Nge7 9. Be3 Nxd5 10. exd5 Ne7 11. c4 Nf5 12. Nc2 bxc4 13. Bxc4 Nxe3 14. Nxe3
Be7 15. O-O O-O 16. Rc1 Bg5 17. Rc3 f5 18. Nc2 Rb8 19. b4 Qe8 20. Qe2 f4 21. f3
Bd8 22. g4 fxg3 23. hxg3 Bh3 24. Rf2 Bb6 25. Ne3 Qg6 26. Kh2 Qh5 27. Kg1 Qg5
28. Kh2 Rf6 29. Ng2 Bxf2 30. Qxf2 Bxg2 31. Kxg2 Rh6 32. Bxa6 Qh5 33. Kf1 Qh1+
34. Qg1 Rxb4 35. Qxh1 Rxh1+ 36. Kg2 Ra1 37. Rc2 Rab1 38. Rc8+ Kf7 39. Rc6 Rb6
40. Bc4 Rxc6 41. dxc6+ Ke7 42. Kf2 Rc1 43. Bd5 Rc5 44. Be4 g6 45. c7 Rxc7 46.
Bd5 Rc5 47. Bg8 Kf6 48. Ke3 h5 49. Kd3 Ra5 50. a4 Rxa4 0-1

[Event "LII Festival A"]
[Site "Imperia ITA"]
[Date "2010.11.02"]
[Round "6"]
[White "Curtacci, Sergio"]
[Black "Krouzel, Jaroslav"]
[WhiteElo "1999"]
[BlackElo "2224"]
[Result "1-0"]
[PlyCount "79"]
[EventDate "2010.08.29"]

1. c4 f5 2. Nc3 Nf6 3. g3 g6 4. Bg2 Bg7 5. e3 O-O 6. Nge2 d6 7. O-O c6 8. d3 e5
9. Rb1 Be6 10. b3 Nbd7 11. Ba3 Qc7 12. d4 exd4 13. exd4 Bf7 14. Qd2 Rfe8 15. d5
c5 16. Bb2 a6 17. Qc2 Rab8 18. a4 Re7 19. Nf4 Nf8 20. Rbe1 Rbe8 21. Rxe7 Qxe7
22. Bc1 h6 23. h4 Ng4 24. Bd2 Qf6 25. Nce2 g5 26. Bc3 Ne5 27. hxg5 hxg5 28. Nh3
Qg6 29. Nc1 Nfd7 30. Re1 Bh6 31. Kf1 g4 32. Ng1 Bg7 33. Nce2 Qh7 34. Nf4 Bh6
35. Bd2 Rf8 36. Ne6 Bxe6 37. dxe6 Bxd2 38. Qxd2 Nf6 39. Qxd6 Ng6 40. e7 1-0

[Event "LII Festival A"]
[Site "Imperia ITA"]
[Date "2010.09.02"]
[Round "6"]
[White "De Marco, Walter"]
[Black "Pienabarca, Nicola"]
[WhiteElo "1900"]
[BlackElo "2068"]
[Result "0-1"]
[PlyCount "90"]
[EventDate "2010.08.29"]

1. c4 e5 2. g3 Nf6 3. Bg2 d5 4. cxd5 Nxd5 5. Nf3 Nc6 6. O-O Be7 7. d4 e4 8. Ne5
f5 9. Nxc6 bxc6 10. Nc3 O-O 11. a3 Be6 12. Qc2 Bf6 13. e3 Nb6 14. b3 Qe7 15.
Bb2 a5 16. Rac1 Qf7 17. Ne2 Bxb3 18. Qxc6 Rfc8 19. Ba1 Be7 20. f3 Bxa3 21. Rc3
Bd5 22. Qb5 Bc4 23. Rxc4 Qxc4 24. Nc3 Bb4 25. Rc1 Qxb5 26. Nxb5 Bd2 27. Rc5
Bxe3+ 28. Kf1 g6 29. fxe4 Nd7 30. Rc6 Rab8 31. Ke2 Rxb5 32. Kxe3 fxe4 33. Bh3
Rd8 34. Be6+ Kf8 35. Rxc7 Ke8 36. d5 Nb6 37. Ra7 Nxd5+ 38. Kxe4 Rd6 39. Ke5 Rd8
40. Ke4 Rd6 41. Ke5 Rd8 42. Ke4 Rb1 43. Bf7+ Kf8 44. Bh8 Re1+ 45. Kd4 Ne7+ 0-1

[Event "LII Festival A"]
[Site "Imperia ITA"]
[Date "2010.09.02"]
[Round "6"]
[White "Del Dotto, Riccardo"]
[Black "Gioseffi, Massimiliano"]
[WhiteElo "2182"]
[BlackElo "2150"]
[Result "1-0"]
[PlyCount "63"]
[EventDate "2010.08.29"]

1. d4 Nf6 2. Bf4 e6 3. Nf3 b6 4. e3 Bb7 5. Nbd2 Be7 6. h3 O-O 7. Bd3 c5 8. c3
d5 9. Ne5 Nbd7 10. Qf3 Nxe5 11. dxe5 Nd7 12. Qg4 Re8 13. Nf3 f5 14. exf6 Bxf6
15. Qh5 e5 16. Bxh7+ Kf8 17. Bg3 c4 18. O-O Qc7 19. Bg6 Nc5 20. Bh4 Bxh4 21.
Nxh4 Re6 22. Nf5 Rxg6 23. Qxg6 Nd3 24. Qh7 Rc8 25. Qh8+ Kf7 26. Qxg7+ Ke6 27.
Qg6+ Kd7 28. Qf7+ Kc6 29. Qe6+ Kc5 30. b4+ cxb3 31. axb3 Qc6 32. Qe7+ 1-0

[Event "LII Festival A"]
[Site "Imperia ITA"]
[Date "2010.09.02"]
[Round "6"]
[White "Dolezal, Radoslav jr"]
[Black "Luciani, Valerio"]
[WhiteElo "2416"]
[BlackElo "2210"]
[Result "1/2-1/2"]
[PlyCount "78"]
[EventDate "2010.08.29"]

1. d4 f5 2. g3 Nf6 3. Bg2 g6 4. c4 Bg7 5. Nc3 d6 6. Nh3 O-O 7. O-O c6 8. b3 e5
9. dxe5 dxe5 10. Ba3 Qxd1 11. Raxd1 Re8 12. e4 Nbd7 13. Rfe1 Bf8 14. Bxf8 Nxf8
15. exf5 Bxf5 16. Ng5 N8d7 17. Nge4 Bxe4 18. Nxe4 Nxe4 19. Rxd7 Nc5 20. Rc7
Rab8 21. b4 Ne6 22. Rd7 Nf8 23. Rd6 Kf7 24. c5 Re7 25. Re3 a5 26. a3 axb4 27.
axb4 Ra8 28. Rd1 Kf6 29. Bh3 h5 30. Kg2 Kg7 31. Re2 Kf7 32. Rd6 Rae8 33. Rd3
Kf6 34. Rf3+ Kg7 35. Rd2 Rf7 36. Rxf7+ Kxf7 37. Ra2 Ne6 38. Ra7 Rb8 39. b5 Nd4
1/2-1/2

[Event "LII Festival A"]
[Site "Imperia ITA"]
[Date "2010.09.02"]
[Round "6"]
[White "Faraci, Antonino"]
[Black "Mitura, Vaclav"]
[WhiteElo "1973"]
[BlackElo "2150"]
[Result "0-1"]
[PlyCount "80"]
[EventDate "2010.08.29"]

1. e4 c5 2. Nf3 d6 3. d4 cxd4 4. Nxd4 Nf6 5. Nc3 a6 6. Bg5 e6 7. Bd3 Nbd7 8.
O-O Qc7 9. Kh1 b5 10. f4 Be7 11. Qf3 Bb7 12. a3 h6 13. Qh3 O-O-O 14. Bxf6 Bxf6
15. Nce2 Kb8 16. c4 Qb6 17. Nf3 Nc5 18. Bc2 bxc4 19. Nd2 Qxb2 20. Rfc1 Nd3 21.
Bxd3 Qxd2 22. Rd1 Qa5 23. Bxc4 Bxa1 24. Rxa1 Ka8 25. Qe3 Rc8 26. Qb3 Rc7 27.
Bd3 Rhc8 28. h3 g5 29. fxg5 hxg5 30. Rb1 g4 31. Kh2 Qe5+ 32. Kg1 gxh3 33. g3
Qc5+ 34. Kh1 Qe3 35. Ng1 Bxe4+ 36. Bxe4+ Qxe4+ 37. Nf3 Rc1+ 38. Rxc1 Rxc1+ 39.
Kh2 Qe2+ 40. Kxh3 Rh1+ 0-1

[Event "LII Festival A"]
[Site "Imperia ITA"]
[Date "2010.09.02"]
[Round "6"]
[White "Ingerl, Florian"]
[Black "Miturova, Magdalena"]
[WhiteElo "1963"]
[BlackElo "2086"]
[Result "0-1"]
[PlyCount "120"]
[EventDate "2010.08.29"]

1. c4 Nf6 2. g3 g6 3. Bg2 Bg7 4. Nc3 O-O 5. d3 d6 6. Bg5 h6 7. Bd2 e5 8. e4 c6
9. Nge2 Be6 10. f4 Nbd7 11. O-O Nc5 12. f5 Bd7 13. Bc1 Qc8 14. g4 Nxg4 15. Ng3
Nf6 16. Be3 Qd8 17. h3 Qe7 18. Qd2 Kh7 19. Kh2 b6 20. Rad1 Rad8 21. d4 Na6 22.
d5 Nc7 23. a4 cxd5 24. cxd5 Rc8 25. Ra1 Na6 26. a5 Nc5 27. Qe2 Nb3 28. Ra3 Nxa5
29. b4 Nc4 30. Rxa7 Nxe3 31. Qxe3 Qd8 32. b5 h5 33. Nge2 Bh6 34. Qf2 g5 35. Rb1
Rc5 36. Qg3 Qb8 37. Ra6 Bc8 38. Ra2 Rg8 39. Na4 Rc7 40. Qf2 Nd7 41. Ng3 Nf6 42.
Qxb6 Rb7 43. Qa5 h4 44. Nf1 g4 45. Qb4 Bd7 46. Nc3 Qf8 47. hxg4 Nxg4+ 48. Kh3
Ne3 49. Nxe3 Bxe3 50. Nd1 Rxb5 51. Qxb5 Bxb5 52. Nxe3 Rg3+ 53. Kh2 Rxe3 54.
Rxb5 Qg7 55. Rb1 h3 56. Bxh3 Qg3+ 57. Kh1 Qh4 58. Rh2 Rxh3 59. Rbb2 Qxe4+ 60.
Kg1 Qe1+ 0-1

[Event "LII Festival A"]
[Site "Imperia ITA"]
[Date "2010.09.02"]
[Round "6"]
[White "Malano, Francesco"]
[Black "Noli, Giovanni"]
[WhiteElo "1916"]
[BlackElo "1924"]
[Result "0-1"]
[PlyCount "132"]
[EventDate "2010.08.29"]

1. Nf3 Nf6 2. b3 d5 3. Bb2 g6 4. g3 Bg7 5. Bg2 c5 6. O-O O-O 7. e3 Nc6 8. d4
cxd4 9. exd4 Bf5 10. Ne5 Nb4 11. Na3 Rc8 12. c3 Na6 13. Qe2 Nd7 14. Bxd5 Nxe5
15. Bxb7 Bd3 16. Qe3 Rb8 17. Bg2 Bxf1 18. Bxf1 Qb6 19. Qe2 Nc7 20. dxe5 Ne6 21.
Nc2 Rbc8 22. c4 Rfd8 23. b4 Bh6 24. Bc3 Rd7 25. Rd1 Rxd1 26. Qxd1 Rd8 27. Qe2
Qa6 28. a3 Qa4 29. c5 Bd2 30. Bxd2 Qxc2 31. Be3 Qc3 32. Qa6 Rd1 33. Kg2 Qxe5
34. Be2 Re1 35. Bf3 Nd4 36. Bf4 Qe6 37. Qxe6 Nxe6 38. Bb8 Ra1 39. c6 Rxa3 40.
Be5 Ra2 41. b5 Rc2 42. Bb8 Rb2 43. Bxa7 Rxb5 44. h4 Rb3 45. Be3 Kf8 46. Bd5 Rc3
47. Bb6 Ke8 48. Kf1 Rc2 49. Ke1 Rb2 50. c7 Kd7 51. Bc6+ Kc8 52. Ba5 Nxc7 53.
Be4 Ne6 54. Bc3 Ra2 55. Bd5 Ra3 56. Kd2 Kd7 57. Bc4 Ra7 58. Kd3 f6 59. Bb5+ Kc7
60. Kc4 Ra2 61. Kd5 Ng7 62. Bd4 Nf5 63. Bc5 Ra5 64. Bd3 e6+ 65. Kc4 Nd6+ 66.
Kd4 e5+ 0-1

[Event "LII Festival A"]
[Site "Imperia ITA"]
[Date "2010.09.02"]
[Round "6"]
[White "Mela, Riccardo"]
[Black "Van der Borck, Alexis"]
[WhiteElo "2017"]
[BlackElo "1928"]
[Result "1-0"]
[PlyCount "73"]
[EventDate "2010.08.29"]

1. e4 c5 2. Nf3 Nc6 3. d4 cxd4 4. Nxd4 e5 5. Nb3 Bb4+ 6. c3 Be7 7. Be3 Nf6 8.
Bc4 Nxe4 9. Bxf7+ Kxf7 10. Qd5+ Ke8 11. Qxe4 d5 12. Qd3 e4 13. Qe2 Bf5 14. Nd4
Nxd4 15. Bxd4 Kf7 16. Nd2 Re8 17. Nf1 Bf6 18. Rd1 Bxd4 19. Rxd4 Qg5 20. Ne3 Be6
21. O-O Kg8 22. Rfd1 Rad8 23. Qb5 Re7 24. c4 Rf8 25. cxd5 Ref7 26. Qb3 Bh3 27.
d6 Kh8 28. Qd5 Rf5 29. Qxe4 Rxf2 30. d7 Bxd7 31. Rxd7 Re2 32. Re7 Qf6 33. h3
Qf2+ 34. Kh2 h6 35. b3 b6 36. a4 h5 37. a5 1-0

[Event "LII Festival A"]
[Site "Imperia ITA"]
[Date "2010.09.02"]
[Round "6"]
[White "Morandi, Daniele"]
[Black "Platino, Maurizio"]
[WhiteElo "1958"]
[BlackElo "1918"]
[Result "1-0"]
[PlyCount "69"]
[EventDate "2010.08.29"]

1. e4 e6 2. d4 d5 3. Nd2 Nf6 4. e5 Nfd7 5. Bd3 c5 6. c3 Nc6 7. Ne2 cxd4 8. cxd4
Qb6 9. Nf3 f6 10. exf6 Nxf6 11. O-O Bd6 12. Nc3 a6 13. Na4 Qc7 14. Be3 b5 15.
Nc3 Bd7 16. Rc1 Qb8 17. Re1 O-O 18. Bb1 Qe8 19. a3 Qh5 20. h3 Rac8 21. Ba2 Kh8
22. Ne2 Ne4 23. Bb1 Rxf3 24. gxf3 Qxf3 25. Nf4 Qxd1 26. Rexd1 Nf6 27. Nd3 Re8
28. Nc5 Bxc5 29. Rxc5 e5 30. dxe5 Nxe5 31. Kg2 Nc4 32. Bd4 Nh5 33. Rc7 Bc8 34.
Re1 Rf8 35. Rce7 1-0

[Event "LII Festival A"]
[Site "Imperia ITA"]
[Date "2010.09.02"]
[Round "6"]
[White "Morselli, Stefano"]
[Black "Formento, Paolo"]
[WhiteElo "1924"]
[BlackElo "1904"]
[Result "0-1"]
[PlyCount "76"]
[EventDate "2010.08.29"]

1. Nf3 Nf6 2. g3 g6 3. Bg2 Bg7 4. d3 d6 5. O-O O-O 6. e4 e5 7. Nc3 c6 8. h3 Ne8
9. Be3 f5 10. Qd2 Qf6 11. exf5 gxf5 12. Rfe1 Nc7 13. Bg5 Qf7 14. d4 e4 15. Nxe4
fxe4 16. Rxe4 Be6 17. Rae1 Re8 18. Bf4 Qd7 19. Ng5 Nba6 20. Nxe6 Rxe6 21. Qe2
Rxe4 22. Bxe4 d5 23. Bd3 Re8 24. Be5 Nb4 25. Qh5 Nxd3 26. cxd3 Qf7 27. Qg4 h5
28. Qh4 c5 29. f4 cxd4 30. Rc1 Bxe5 31. fxe5 Rxe5 32. Qd8+ Ne8 33. Qb8 Re3 34.
Rf1 Qg6 35. Kg2 Qxd3 36. Qf4 Re2+ 37. Rf2 Qe4+ 38. Qxe4 Rxf2+ 0-1

[Event "LII Festival A"]
[Site "Imperia ITA"]
[Date "2010.09.02"]
[Round "6"]
[White "Payen, Arnaud"]
[Black "Brih, Said"]
[WhiteElo "2372"]
[BlackElo "2352"]
[Result "1/2-1/2"]
[PlyCount "176"]
[EventDate "2010.08.29"]

1. d4 Nf6 2. Nf3 g6 3. Bf4 Bg7 4. e3 O-O 5. Be2 d6 6. O-O Nbd7 7. h3 h6 8. Bh2
Qe8 9. c4 e5 10. Nc3 a6 11. Rc1 b6 12. b4 Bb7 13. Qb3 Rb8 14. dxe5 Nxe5 15.
Nxe5 dxe5 16. Rfd1 Qe7 17. Rd2 Rbd8 18. Rcd1 Rxd2 19. Rxd2 Kh7 20. a3 Ne4 21.
Nxe4 Bxe4 22. Qd1 Qg5 23. Bf1 Bf5 24. Kh1 Qe7 25. Be2 Be6 26. Qa4 Rd8 27. Qd1
Rf8 28. Qa4 Rd8 29. Qd1 Rxd2 30. Qxd2 a5 31. bxa5 Qxa3 32. axb6 cxb6 33. Bg3
Bf6 34. Qc2 Kg7 35. Bd3 h5 36. f3 Qa1+ 37. Kh2 Be7 38. Qe2 Bd6 39. f4 h4 40.
Bxh4 exf4 41. exf4 Bxf4+ 42. Bg3 Bxg3+ 43. Kxg3 Qd4 44. Kf3 Kf6 45. Qe3 Qc3 46.
Kf2 Qb2+ 47. Kg1 Qc3 48. Kf2 Ke7 49. Be2 Qb4 50. Qd4 Qc5 51. Qxc5+ bxc5 52. h4
Kf6 53. Ke3 Ke5 54. g3 f6 55. Bd3 Bf7 56. Be4 g5 57. hxg5 fxg5 58. Bd3 Bg8 59.
Bf1 Bh7 60. Be2 Kd6 61. Bg4 Bg8 62. Be2 Bf7 63. Bd3 Ke5 64. Bf1 Kf6 65. Ke4 Ke6
66. Bh3+ Kd6 67. Bf1 Bg6+ 68. Ke3 Ke5 69. Bg2 Bb1 70. Bf1 Bc2 71. Bh3 Bd1 72.
Bf1 Bb3 73. Bd3 Ba2 74. Bf1 Bb3 75. Bd3 Ba4 76. Be4 Kf6 77. Bd3 Bc6 78. Be4 Bd7
79. Bd3 Be6 80. Bf1 Bf5 81. Bg2 Be6 82. Bf1 Bf5 83. Bg2 Bh7 84. Be4 Bg8 85. Bd3
Kg7 86. Be2 Bh7 87. Bd3 Bg8 88. Be2 Bh7 1/2-1/2

[Event "LII Festival A"]
[Site "Imperia ITA"]
[Date "2010.09.02"]
[Round "6"]
[White "Poloch, Petr"]
[Black "Jurek, Josef"]
[WhiteElo "2268"]
[BlackElo "2352"]
[Result "1/2-1/2"]
[PlyCount "36"]
[EventDate "2010.08.29"]

1. e4 Nf6 2. e5 Nd5 3. d4 d6 4. c4 Nb6 5. exd6 exd6 6. Nc3 Nc6 7. Be3 Be7 8.
Nf3 Bg4 9. h3 Bh5 10. b3 O-O 11. Be2 Re8 12. O-O Bf6 13. Qd2 d5 14. c5 Nc8 15.
b4 Nxb4 16. Rab1 Nc6 17. Rxb7 Na5 18. Rb4 Ne7 1/2-1/2

[Event "LII Festival A"]
[Site "Imperia ITA"]
[Date "2010.09.02"]
[Round "6"]
[White "Rombaldoni, Denis"]
[Black "Pesce, Gabriele"]
[WhiteElo "2493"]
[BlackElo "2174"]
[Result "1-0"]
[PlyCount "61"]
[EventDate "2010.08.29"]

1. d4 Nf6 2. c4 g6 3. Nc3 Bg7 4. e4 d6 5. f4 O-O 6. Nf3 c5 7. d5 Na6 8. Bd3 Nc7
9. O-O a6 10. e5 Ng4 11. h3 Nh6 12. g4 b5 13. b3 Rb8 14. Bd2 Kh8 15. Ne4 f5 16.
exf6 exf6 17. Ng3 f5 18. g5 Nf7 19. h4 h5 20. gxh6 Nxh6 21. Re1 b4 22. h5 gxh5
23. Nxh5 Bd4+ 24. Kg2 Rg8+ 25. Ng3 Rg4 26. Rh1 Kg7 27. Nxd4 cxd4 28. Be2 Rg6
29. Be1 Kg8 30. Qxd4 Ne8 31. Bh5 1-0

[Event "LII Festival A"]
[Site "Imperia ITA"]
[Date "2010.09.02"]
[Round "6"]
[White "Tomassoni, Leonardo"]
[Black "Cugini, Verter"]
[WhiteElo "1935"]
[BlackElo "2122"]
[Result "1/2-1/2"]
[PlyCount "85"]
[EventDate "2010.08.29"]

1. e4 e6 2. d4 d5 3. Nc3 Nf6 4. e5 Ne4 5. a3 Nxc3 6. bxc3 c5 7. Bd2 c4 8. Nf3
Be7 9. Be2 Bd7 10. h3 Ba4 11. Qc1 Nc6 12. O-O Kd7 13. Ne1 g6 14. Bh6 Qa5 15.
Qb2 b5 16. Nf3 Bf8 17. Bg5 Rg8 18. Nh2 h5 19. f4 Be7 20. Nf3 Raf8 21. Bf6 Qd8
22. Bg5 a5 23. Rfe1 Rh8 24. h4 Qb6 25. Bf6 Bxf6 26. exf6 Qd8 27. Ne5+ Kc7 28.
Rab1 Qxf6 29. g3 Rb8 30. Qc1 Qe7 31. Bf3 Rhd8 32. Re3 Nxe5 33. fxe5 Rg8 34. Kh2
g5 35. Bxh5 gxh4 36. g4 f5 37. exf6 Qxf6 38. Qe1 Rb6 39. Qe2 Rf8 40. Kh3 Kd7
41. Re1 Rd6 42. Qg2 Ke7 43. g5 1/2-1/2

[Event "LII Festival A"]
[Site "Imperia ITA"]
[Date "2010.09.02"]
[Round "6"]
[White "Van Hoolandt, Patrick"]
[Black "Dritsakos, Alessio"]
[WhiteElo "2171"]
[BlackElo "1930"]
[Result "1-0"]
[PlyCount "71"]
[EventDate "2010.08.29"]

1. d4 d5 2. c4 e6 3. Nf3 c6 4. Qc2 Nf6 5. Bg5 h6 6. Bxf6 Qxf6 7. Nc3 Nd7 8.
cxd5 exd5 9. e3 Be7 10. Bd3 g6 11. O-O O-O 12. Rab1 a5 13. a3 b5 14. e4 b4 15.
e5 Qe6 16. axb4 axb4 17. Ne2 Ba6 18. Bxa6 Rxa6 19. Nf4 Qg4 20. Qd3 Rfa8 21. g3
Nf8 22. h3 Qd7 23. Kg2 Kg7 24. Nh2 Ne6 25. Nxe6+ fxe6 26. Rbc1 Ra5 27. Qe3 Qc7
28. Ng4 Rh8 29. Qd2 c5 30. Qxb4 h5 31. Ne3 Rb8 32. Qd2 c4 33. Nd1 Ra3 34. Rc2
Rab3 35. f4 Rd3 36. Qxd3 1-0

[Event "LII Festival A"]
[Site "Imperia ITA"]
[Date "2010.09.03"]
[Round "7"]
[White "Dritsakos, Alessio"]
[Black "Formento, Paolo"]
[WhiteElo "1930"]
[BlackElo "1904"]
[Result "1-0"]
[PlyCount "71"]
[EventDate "2010.08.29"]

1. e4 e6 2. g3 d5 3. Bg2 dxe4 4. Bxe4 Bc5 5. Ne2 Nf6 6. Bg2 e5 7. O-O O-O 8. d3
c6 9. a4 Be6 10. Bd2 a5 11. Bc3 Bd4 12. Bxd4 exd4 13. Nd2 Bd5 14. Ne4 Bxe4 15.
dxe4 c5 16. e5 Ng4 17. e6 Nc6 18. Nf4 Nf6 19. g4 Qd6 20. exf7+ Rxf7 21. Qd2 Ne4
22. Bxe4 Rxf4 23. Bd5+ Kh8 24. Bxc6 bxc6 25. f3 Raf8 26. Ra3 h5 27. h3 hxg4 28.
hxg4 Qf6 29. Qe2 Qf7 30. Kg2 Re8 31. Qf2 Re6 32. Rb3 g6 33. Qh4+ Kg7 34. Rh1
Qg8 35. Qh6+ Kf6 36. Qxf4+ 1-0

[Event "LII Festival A"]
[Site "Imperia ITA"]
[Date "2010.09.03"]
[Round "7"]
[White "Gioseffi, Massimiliano"]
[Black "Mela, Riccardo"]
[WhiteElo "2150"]
[BlackElo "2017"]
[Result "1/2-1/2"]
[PlyCount "93"]
[EventDate "2010.08.29"]

1. d4 Nf6 2. c4 d6 3. Nf3 g6 4. Nc3 Bg7 5. e4 O-O 6. Be2 Nbd7 7. O-O e5 8. Re1
c6 9. Bf1 Qe7 10. Rb1 a5 11. a3 Re8 12. d5 c5 13. g3 b6 14. h3 Ba6 15. Qc2 Nf8
16. Be3 h6 17. Rec1 Reb8 18. b3 Bc8 19. Kh2 Bd7 20. Nb5 Bxb5 21. cxb5 Kh7 22.
b4 N8d7 23. Bd2 axb4 24. axb4 Ra3 25. Bd3 Rba8 26. Be3 Ne8 27. Nd2 Ra2 28. Rb2
R2a7 29. bxc5 dxc5 30. Rbb1 Ra2 31. Rb2 R2a7 32. Qd1 Nd6 33. Rbb1 Ra3 34. Nc4
Ra2 35. Nxd6 Qxd6 36. Bc4 R2a5 37. Ra1 Nf6 38. f3 Ra3 39. Bd2 Qd8 40. Rxa3 Rxa3
41. Ra1 Rxa1 42. Qxa1 Ne8 43. Qa6 Nd6 44. Bf1 f5 45. Bg2 g5 46. exf5 Nxf5 47.
Bc1 1/2-1/2

[Event "LII Festival A"]
[Site "Imperia ITA"]
[Date "2010.09.03"]
[Round "7"]
[White "Jurek, Josef"]
[Black "Del Dotto, Riccardo"]
[WhiteElo "2352"]
[BlackElo "2182"]
[Result "1/2-1/2"]
[PlyCount "137"]
[EventDate "2010.08.29"]

1. Nf3 d5 2. d4 c6 3. c4 Nf6 4. Nc3 dxc4 5. a4 Bf5 6. e3 e6 7. Bxc4 Bb4 8. O-O
O-O 9. Qe2 Bg4 10. Rd1 Qa5 11. Bd2 Qh5 12. h3 Bxf3 13. Qxf3 Qxf3 14. gxf3 a5
15. Ne4 Nxe4 16. fxe4 Bxd2 17. Rxd2 Nd7 18. Rc1 Nb6 19. Bb3 Rfd8 20. f4 g6 21.
h4 Kg7 22. h5 Kf6 23. Rg2 Rg8 24. Kf2 Nd7 25. Rcg1 Rgb8 26. hxg6 hxg6 27. Kf3
Rh8 28. d5 exd5 29. exd5 Nc5 30. Bc4 cxd5 31. Bxd5 Rad8 32. e4 Nxa4 33. e5+ Ke7
34. Bxb7 Rd3+ 35. Kf2 Rb8 36. Bf3 Rbb3 37. Be2 Rxb2 38. Rg3 Rdd2 39. Re1 Rbc2
40. Kf1 Nc3 41. Bd3 Rb2 42. e6 fxe6 43. Bc4 Nd5 44. Bxd5 Rxd5 45. Rxg6 Rbb5 46.
Kf2 a4 47. Rg7+ Kf6 48. Ra7 Rd4 49. Kg3 Rd3+ 50. Kf2 Rb2+ 51. Re2 Rdd2 52. Rxd2
Rxd2+ 53. Ke3 Ra2 54. Ra5 Ra1 55. Kf3 a3 56. Kg2 Ke7 57. Ra6 Kf6 58. Ra5 a2 59.
Kh2 Rf1 60. Rxa2 Rxf4 61. Kg3 Rf1 62. Kg2 Rc1 63. Kf3 Kf5 64. Ra4 Rc3+ 65. Ke2
e5 66. Rb4 Ra3 67. Kf2 e4 68. Rb8 Kf4 69. Rf8+ 1/2-1/2

[Event "LII Festival A"]
[Site "Imperia ITA"]
[Date "2010.09.03"]
[Round "7"]
[White "Mercandelli, Claudio"]
[Black "Blasco, Domenico"]
[WhiteElo "1903"]
[BlackElo "1961"]
[Result "1-0"]
[PlyCount "113"]
[EventDate "2010.08.29"]

1. Nf3 g6 2. g3 Bg7 3. Bg2 c5 4. c4 Nc6 5. Nc3 e6 6. O-O Nge7 7. e4 d6 8. d3
O-O 9. Be3 Nd4 10. Bxd4 cxd4 11. Ne2 e5 12. Ne1 f5 13. f3 fxe4 14. dxe4 Be6 15.
b3 Qd7 16. Nd3 b6 17. a4 Rac8 18. Ra2 Rc7 19. Nec1 Nc6 20. Qd2 Bh3 21. Bxh3
Qxh3 22. Qg2 Qxg2+ 23. Kxg2 g5 24. f4 gxf4 25. gxf4 exf4 26. Nxf4 Bh6 27. Ncd3
Rg7+ 28. Kh1 Ne5 29. Raf2 Rgf7 30. Nxe5 dxe5 31. Nd3 Rxf2 32. Rxf2 Rxf2 33.
Nxf2 Kf7 34. b4 Ke6 35. Nd3 Bd2 36. Kg2 Bc3 37. c5 bxc5 38. Nxc5+ Kd6 39. Nd3
Bd2 40. Kf3 Bg5 41. Kg4 Be3 42. Kf5 Bg1 43. h3 Bh2 44. b5 Kc7 45. a5 Bg3 46.
Ke6 Bf4 47. Kd5 Bg3 48. Kc5 h6 49. b6+ axb6+ 50. axb6+ Kb7 51. Kb5 Bf4 52. Nc5+
Ka8 53. Kc6 d3 54. Nxd3 Be3 55. Nxe5 h5 56. Nd7 Bf4 57. b7+ 1-0

[Event "LII Festival A"]
[Site "Imperia ITA"]
[Date "2010.09.03"]
[Round "7"]
[White "Mirzoev, Azer"]
[Black "Rombaldoni, Denis"]
[WhiteElo "2541"]
[BlackElo "2493"]
[Result "1/2-1/2"]
[PlyCount "74"]
[EventDate "2010.08.29"]

1. d4 d5 2. Nf3 Nf6 3. c4 c6 4. e3 Bf5 5. Nc3 e6 6. Nh4 Bg6 7. Qb3 Qc7 8. Nxg6
hxg6 9. Bd2 dxc4 10. Bxc4 b5 11. Bf1 Rxh2 12. Rxh2 Qxh2 13. O-O-O Nbd7 14. Kb1
a6 15. Rc1 c5 16. dxc5 Nxc5 17. Qc2 Be7 18. Ne2 Qh4 19. f3 Nd5 20. Nd4 Qf2 21.
Nb3 Rc8 22. e4 Nb6 23. Nxc5 Rxc5 24. Bc3 Qxc2+ 25. Rxc2 f6 26. Bd4 Rxc2 27.
Kxc2 Nd7 28. a4 e5 29. Be3 bxa4 30. Bxa6 a3 31. bxa3 Bxa3 32. Bb5 Ke7 33. Bxd7
Kxd7 34. Kb3 Bd6 35. Kc4 Ke6 36. g4 Be7 37. Bd2 f5 1/2-1/2